000 00346nam a22001217a 4500
040 _cRUA
082 _aCAR ឡោ​ 2022 A126 Or.
100 _aឡោ ប៊ុណ្ណា
245 _aរបាយការណប្រចាំឆ្នាំ២០២២​
260 _aPHNOM PENH
_bRUA
_c2022
300 _aviii,
_bill,
_c29cm,
942 _cREC
999 _c25349
_d25349